Diarchies Quiz - Statistics

General Stats
  • This quiz has been taken 8 times
  • The average score is 5 of 10
Answer Stats
Group Ruler 1 Ruler 2 Nation % Correct
Current Emmanuel Macron Joan-Enric Vives i Sicília Andorra
88%
Historical Emperor Go-Yōzei Tokugawa Ieyasu Japan
88%
Historical Publius Cornelius Scipio Africanus Publius Licinius Crassus Dives Roman Republic
88%
Current Gian Carlo Venturini Marco Nicolini San Marino
63%
Historical Leonidas I Leotychidas Sparta
50%
Current Jigme Khesar Namgyel Wangchuck Tulku Jigme Chhoeda Bhutan
38%
Current Naftali Bennett Yair Lapid Israel
38%
Historical Malietoa Tanumafili II Tupua Tamasese Meaʻole Samoa
38%
Historical Ngawang Lobsang Gyatso Sonam Rapten Tibet
25%
Historical René Barrientos Alfredo Ovando Candía Bolivia
0%
No matching quizzes found
Score Distribution
Percent of People with Each Score
Percentile by Number Answered
Your Score History
You have not taken this quiz